000 02068cam a22005054i 4500
003 PE-LiUPU
005 20250731173432.0
008 150706s r 000 0 d
020 _a9780878136285
035 _a(Sirsi) i9780878136285
040 _aPE-LiUPU
_bspa
_cPE-LiUPU
_erda
049 _aPRUA
082 0 4 _a241.681
_bC86
_221
100 1 _aCrider, Virginia,
_eautor.
245 1 3 _aLa vida con un alcohólico :
_blas pruebas se convierten en triunfos /
_cVirginia Crider.
264 1 _aHarrisonburg, Virginia :
_bChristian Light Publications,
_c2006.
300 _a104 páginas ;
_c21 cm.
336 _atext
_2rdacontent
337 _aunmediated
_2rdamedia
338 _avolume
_2rdacarrier
500 _aTítulo en Inglés: Life with an alcoholic.
505 0 _a¿Cómo sucedió? -- Al borde de la locura -- La crisis sobre los sacos de alimento -- Sin derechos -- La seguridad: ¿dónde se halla? -- El fundamento de la Palabra -- Ore sin cesar -- El compañerismo -- La sumisión: un gozo -- ¿Qué puedo hacer? -- Usted y sus hijos -- El dilema financiero -- La relación íntima del matrimonio -- Hay esperanza.
526 _aSEG42
526 _aSEG41
526 _aSEG40
526 _aSEG39
526 _aP94
526 _aP87
526 _aP86
526 _aP85
526 _aP77
526 _aP76
526 _aP35
541 _g001-0000631;
600 1 _aCrider, Virginia
650 0 4 _aEsposos alcohólicos
_xVida religiosa.
650 0 4 _aAlcohólicos
_xRelaciones familiares.
700 1 _aKornelsen. Eldon,
_etr.
910 _agl
_clch
_d20130808
942 _2ddc
_cBOOK
949 _a241.681 C86
_wDEWEY
_c1
_i67911
_lCCODEBUL1
_mBUL
_p12.00
_r0
_sY
_tBOOK
_u2015-7-6
_xTEOLOGIA
_PP35
_o.STAFF. Colección General
994 _aC0
_bPEPRU
596 _a1
999 _a241.681 C86
_wDEWEY
_c55421
_i67911
_f2021-11-10
_g5
_lCCODEBUL1
_mBUL
_p12.00
_r0
_sY
_tBOOK
_u2015-7-6
_xTEOLOGIA
_PP35
_0COMPRA
_o.STAFF. Colección General
_d55421
980 _81
_gALBERTO SANCHEZ Responsable de Automatización